[Event "CZE-chT 2122"]
[Site "Czech Republic"]
[Date "2022.02.12"]
[Round "9.4"]
[White "Neugebauer, Martin"]
[Black "Mazur, Stefan"]
[Result "1-0"]
[WhiteElo "2485"]
[BlackElo "2430"]
[PlyCount "79"]
[EventDate "2021.10.15"]
[EventType "team-tourn"]
[EventRounds "15"]
[EventCountry "CZE"]
[SourceTitle "EXT 2023"]
[Source "ChessBase"]
[SourceDate "2022.10.05"]
[SourceVersion "1"]
[SourceVersionDate "2022.10.05"]
[SourceQuality "1"]
[WhiteTeam "Brno Moravska Slavia"]
[BlackTeam "Kromeriz Slavia"]
[WhiteTeamCountry "CZE"]
[BlackTeamCountry "CZE"]

1. e4 e5 2. Nf3 Nc6 3. d4 exd4 4. Nxd4 Nf6 5. Nxc6 bxc6 6. Nd2 Bc5 7. Nb3 Bb6 8. e5 Qe7 9. Qe2 Nd5 10. c4 Nb4 11. a3 Na6 12. h4 0-0 13. Bg5 f6 14. exf6 Qxe2+ 15. Bxe2 h6 16. fxg7 Bxf2+ 17. Kd1 Kxg7 18. Bd2 d5 19. Rf1 Be6 20. Bc3+ Kg8 21. Nd4 Nc5 22. Nxe6 Nxe6 23. h5 d4 24. Bd2 Be3 25. Rxf8+ Rxf8 26. Bf3 c5 27. b4 Kg7 28. Rb1 Bxd2 29. Kxd2 Rb8 30. Kd3 Kf6 31. Ke4 a5 32. b5 Rb6 33. Bg4 Ng5+ 34. Kd3 Nf7 35. Rf1+ Ke7 36. Rf5 Re6 37. Rxc5 Ne5+ 38. Kxd4 Nxg4 39. Rxc7+ Kd6 40. Rg7 1-0

[Event "CZE-chT 2122"]
[Site "Czech Republic"]
[Date "2021.12.18"]
[Round "5.2"]
[White "Neugebauer, Martin"]
[Black "Pakleza, Zbigniew"]
[Result "0-1"]
[WhiteElo "2485"]
[BlackElo "2501"]
[PlyCount "110"]
[EventDate "2021.10.15"]
[EventType "team-tourn"]
[EventRounds "15"]
[EventCountry "CZE"]
[SourceTitle "EXT 2023"]
[Source "ChessBase"]
[SourceDate "2022.10.05"]
[SourceVersion "1"]
[SourceVersionDate "2022.10.05"]
[SourceQuality "1"]
[WhiteTeam "Brno Moravska Slavia"]
[BlackTeam "Ostrava Labortech"]
[WhiteTeamCountry "CZE"]
[BlackTeamCountry "CZE"]

1. e4 e5 2. Nf3 d6 3. d4 exd4 4. Qxd4 Nf6 5. Nc3 Be7 6. Bf4 0-0 7. 0-0-0 Nc6 8. Qd2 a6 9. h3 b5 10. Bd3 Nb4 11. Rhe1 Nxd3+ 12. Qxd3 Bb7 13. g4 Re8 14. Kb1 b4 15. Nd5 Nxd5 16. exd5 Qd7 17. Re3 Bf6 18. Bg5 Rxe3 19. fxe3 Qe7 20. Bxf6 Qxf6 21. Qe4 a5 22. Nd4 g6 23. Nf3 Ba6 24. g5 Qd8 25. Re1 Bc8 26. h4 Bh3 27. Qd4 Qd7 28. Nd2 Bg2 29. e4 Re8 30. Qf2 Bh3 31. Re3 Bg4 32. Qf4 Bh5 33. Re1 Qg4 34. Qf2 a4 35. Rf1 Rf8 36. Re1 Re8 37. Rf1 Rf8 38. b3 a3 39. Re1 Qh3 40. Re3 Qh1+ 41. Re1 Qh3 42. Rf1 Bg4 43. Nc4 Bd7 44. Ne3 Bb5 45. Rg1 Bd7 46. Qf4 Bc8 47. Rf1 Ba6 48. Re1 Bc8 49. e5 dxe5 50. Qxb4 Qg3 51. Re2 Ba6 52. Re1 e4 53. Qc3 f5 54. gxf6 Rxf6 55. Ng4 Qxc3 0-1

[Event "CZE-chT 2122"]
[Site "Czech Republic"]
[Date "2021.11.06"]
[Round "3.6"]
[White "Bures, Jaroslav"]
[Black "Neugebauer, Martin"]
[Result "0-1"]
[WhiteElo "2394"]
[BlackElo "2485"]
[PlyCount "116"]
[EventDate "2021.10.15"]
[EventType "team-tourn"]
[EventRounds "15"]
[EventCountry "CZE"]
[SourceTitle "EXT 2023"]
[Source "ChessBase"]
[SourceDate "2022.10.05"]
[SourceVersion "1"]
[SourceVersionDate "2022.10.05"]
[SourceQuality "1"]
[WhiteTeam "Frydek Mistek"]
[BlackTeam "Brno Moravska Slavia"]
[WhiteTeamCountry "CZE"]
[BlackTeamCountry "CZE"]

1. e4 c5 2. Nf3 d6 3. d4 cxd4 4. Nxd4 Nf6 5. Nc3 a6 6. Bg5 e6 7. Qf3 Nbd7 8. 0-0-0 Be7 9. Be2 Qc7 10. Qg3 Nc5 11. Be3 0-0 12. Bh6 Ne8 13. h4 b5 14. a3 Rb8 15. h5 Kh8 16. Bg5 Bxg5+ 17. Qxg5 b4 18. axb4 Rxb4 19. h6 g6 20. Bf3 Bb7 21. Qe3 e5 22. Nde2 Nf6 23. Na2 Rb6 24. Nec3 Rb8 25. b4 Ne6 26. Rd2 Rc8 27. Rhd1 Kg8 28. g3 Ba8 29. Rd3 a5 30. bxa5 Rc6 31. R1d2 Qxa5 32. Kd1 Nd4 33. Rxd4 exd4 34. Qxd4 Qe5 35. Qxe5 dxe5 36. Nd5 Nxd5 37. exd5 Rd6 38. Nb4 Rc4 39. c3 Rxc3 40. Bg2 Rc4 41. Nc2 f5 42. Ne3 Rd4 43. Rxd4 exd4 44. Nc4 Rd8 45. Nb6 Bb7 46. Kd2 Ba6 47. Bf3 Bb5 48. Be2 Bxe2 49. Kxe2 Kf7 50. Kd3 Rd6 51. Nc4 Rxd5 52. f4 Kf6 53. Nd2 Ra5 54. Kxd4 Ra3 55. g4 fxg4 56. Ne4+ Kf5 57. Ng5 Kxf4 58. Nxh7 g3 0-1